| 000 | 01398nam0a22003011 4500 | ||
|---|---|---|---|
| 001 | v19\rc\1304607 | ||
| 005 | 20060512105818.7 | ||
| 035 | _a(NLR Aleph) 004462577 | ||
| 090 |
_a4525108 _c4525108 |
||
| 100 | _a20060512d1897 |||y0rusy50 ca | ||
| 101 | 0 | _arus | |
| 102 | _aRU | ||
| 105 | _ay c ||||| | ||
| 200 | 1 | _aКраткая записка по истории Самарского епархиального свечного завода с указанием прогрессивного развития его со времени его открытия по 1896 год | |
| 210 |
_aСамара _cпаровая тип. Н.А. Жданова _d1897 |
||
| 215 |
_a27 с. _d22 |
||
| 300 | _aВ конце текста авт.: прот. Гавриил Фармаковский | ||
| 309 | _aБез тит. л. и обл. | ||
| 311 | _aПрил. к № 17 Самарск. епарх. ведом. за 1897 г. | ||
| 316 |
_aЭкз. РНБ (5/49): приплетено к журн. ... _5NLR: 5/49 |
||
| 422 | 0 | _12001#$aСамарские епархиальные ведомости$v1897 | |
| 482 | 0 | _12001#$aСамарские епархиальные ведомости$v1897 | |
| 700 | 1 |
_aФармаковский _bГ. М. _gГавриил Михайлович |
|
| 801 | 0 |
_aRU _bNLR _gpsbo |
|
| 801 | 1 |
_aRU _bProSoft-M _2rusmarc |
|
| 852 |
_aNLR _j5/49 |
||
| 942 | _cBOOK | ||
| 980 | _aNB | ||